LEADER 01182cam0 22003013 450 001 SOB008933 005 20231102081920.0 010 $a881408226X 100 $a20040211d2000 |||||ita|0103 ba 101 $aita 102 $aIT 200 1 $a<>disciplina amministrativa e tributaria delle aziende sanitarie locali e delle aziende ospedaliere$fAntonio Nardone$gCarlo Parenti$gCarmine Ippolito 210 $aMilano$cGiuffrè$d2000 215 $aXIV,172 p.$d24 cm 225 2 $aCosa & Come$eEnti locali 410 1$1001LAEC00015457$12001 $a*Cosa & Come : Enti locali 700 1$aNardone$b, Antonio$3AF00007846$4070$0282826 702 1$aPARENTI, Carlo$3AF00019018$4070 702 1$aIPPOLITO, Carmine$3AF00019019$4070 801 0$aIT$bUNISOB$c20231102$gRICA 850 $aUNISOB 852 $aUNISOB$j340|Coll|12|A$m108956 912 $aSOB008933 940 $aM 102 Monografia moderna SBN 941 $aM 957 $a340|Coll|12|A$b000019$gSI$d108956$rACQUISTO$1Alfano$2UNISOB$3UNISOB$420231102081820.0$520231102081851.0$6Alfano 996 $aDisciplina amministrativa e tributaria delle aziende sanitarie locali e delle aziende ospedaliere$91678301 997 $aUNISOB LEADER 01241nam0 22002771i 450 001 UON00325572 005 20231205104158.664 100 $a20090706d1964 |0itac50 ba 101 $aeng 102 $aUS 105 $a|||| 1|||| 200 1 $aJack London, American rebel$ea collection of his social writings together with an extensive study of the man and his times$fedited by Philip S. Foner 210 $aNew York$cCitadel Press$d1964 215 $a560 p.$d20 cm 606 $aLONDON JACK$xCritica$3UONC096990$2FI 620 $aUS$dNew York$3UONL000050 676 $a813.4$cNarrativa americana in inglese. 1861-1899$v21 700 1$aLONDON$bJack$3UONV126208$0193071 702 1$aFONER$bPhilip Sheldon$3UONV185529 712 $aCitadel Press$3UONV277764$4650 801 $aIT$bSOL$c20240220$gRICA 912 $aUON00325572 950 $aSIBA - SISTEMA BIBLIOTECARIO DI ATENEO$dSI NordA V B LON FON bis $eSI SI 39038 5 bis 950 $aSIBA - SISTEMA BIBLIOTECARIO DI ATENEO$dSI NordA V B LON FON $eSI LO 39038 5 996 $aJack London, American rebel$91742844 997 $aUNIOR